[Event "Egypt Open 2016"]
[Site "Eastern Company Club"]
[Date "2016.04.22"]
[Round "1"]
[Board "33"]
[White "Fatehy, Tarek"]
[Black "Ismail, Mohamed"]
[Result "1-0"]
[WhiteElo "2215"]
[BlackElo "1787"]
[PlyCount "42"]
[EventDate "2016.04.22"]
[EventRounds "9"]
[EventCountry "EGY"]

1. d4 d5 2. c4 Nf6 3. cxd5 Nxd5 4. e4 Nf6 5. Nc3 g6 6. f3 Bg7 7. Be3 O-O 8. Qd2
Nc6 9. Nge2 b6 10. O-O-O a5 11. g4 e5 12. d5 Nd4 13. Ng3 Qd6 14. h4 Rb8 15. h5
c6 16. hxg6 fxg6 17. Bh6 cxd5 18. exd5 b5 19. Bxg7 Kxg7 20. Qh6+ Kf7 21. Qxh7+
Ke8 1-0

[Event "Egypt Open 2016"]
[Site "Eastern Company Club"]
[Date "2016.04.22"]
[Round "1"]
[Board "34"]
[White "Tarek, Mohamed"]
[Black "Sameeh, Hany"]
[Result "0-1"]
[WhiteElo "1786"]
[BlackElo "2180"]
[PlyCount "99"]
[EventDate "2016.04.22"]
[EventRounds "9"]
[EventCountry "EGY"]

1. Nf3 Nf6 2. g3 g6 3. Bg2 Bg7 4. d4 d5 5. O-O O-O 6. c3 Ne4 7. Nbd2 c5 8. Nxe4
dxe4 9. Ng5 cxd4 10. cxd4 Bxd4 11. Nxe4 Nc6 12. Bh6 Re8 13. Ng5 Qb6 14. e3 Bf6
15. Rb1 Ne5 16. Qa4 Bd7 17. Qf4 Ng4 18. Bh3 Nxh6 19. Bxd7 Red8 20. Ne4 Rxd7 21.
Qxh6 Bg7 22. Qh3 Rad8 23. b3 Qc6 24. Qg2 f5 25. Ng5 Qxg2+ 26. Kxg2 Rd2 27. a4
R8d3 28. Rbc1 Bf6 29. Rc8+ Kg7 30. Ne6+ Kf7 31. Nf8 Rxb3 32. Nxh7 Rxe3 33. Nxf6
Kxf6 34. Rc7 Rb3 35. h4 Rbb2 36. a5 a6 37. Kf3 e5 38. Ke3 e4 39. f3 Rd3+ 40.
Kf4 Rb4 41. g4 exf3+ 42. Kg3 Rxg4+ 43. Kh3 Rb3 44. Rf2 Ke5 45. Rc5+ Kd4 46. Rc7
Ke3 47. Ra2 Rbb4 48. Kh2 Rxh4+ 49. Kg1 Rbg4+ 50. Rg2 0-1

[Event "Egypt Open 2016"]
[Site "Eastern Company Club"]
[Date "2016.04.22"]
[Round "1"]
[Board "36"]
[White "Mohsen, Hend"]
[Black "Abdel Moniem, Mohamed"]
[Result "0-1"]
[WhiteElo "1785"]
[BlackElo "2176"]
[PlyCount "52"]
[EventDate "2016.04.22"]
[EventRounds "9"]
[EventCountry "EGY"]

1. e4 c5 2. Nc3 Nc6 3. Bb5 Nf6 4. Bxc6 dxc6 5. f4 g6 6. Nf3 Bg7 7. O-O Bg4 8.
d3 O-O 9. Be3 b6 10. Qe1 Bxf3 11. Rxf3 Ng4 12. Kh1 e6 13. e5 Nxe3 14. Rxe3 Qe7
15. Ne4 Rfd8 16. Rh3 Rd7 17. g4 f5 18. exf6 Bxf6 19. Rb1 Rf8 20. g5 Bh8 21. Qh4
e5 22. fxe5 Qxe5 23. Re1 Qxb2 24. c3 Bxc3 25. Rd1 Qe2 26. Nxc3 Rf1+ 0-1

[Event "Egypt Open 2016"]
[Site "Eastern Company Club"]
[Date "2016.04.22"]
[Round "1"]
[Board "37"]
[White "Ismail, Hamed"]
[Black "Taha, Shereif"]
[Result "0-1"]
[WhiteElo "2171"]
[BlackElo "1784"]
[PlyCount "108"]
[EventDate "2016.04.22"]
[EventRounds "9"]
[EventCountry "EGY"]

1. d4 d5 2. Nf3 Nf6 3. Bf4 Bf5 4. c3 Nbd7 5. Qb3 Rb8 6. e3 a6 7. a4 e6 8. Nbd2
Bd6 9. Be2 Bxf4 10. exf4 c5 11. O-O c4 12. Qa3 b5 13. axb5 axb5 14. Qb4 Qe7 15.
Ra5 Qxb4 16. cxb4 O-O 17. Rfa1 Rb7 18. Nb1 Bxb1 19. Rxb1 Ne4 20. Rba1 Nb8 21.
Ra7 Rxa7 22. Rxa7 Nc6 23. Rb7 Rb8 24. Rxb8+ Nxb8 25. Ne1 Nc6 26. Nc2 Nd2 27. f5
Nb3 28. fxe6 fxe6 29. Bg4 Nbxd4 30. Na3 Kf7 31. Kf1 Nxb4 32. Be2 Nbc2 33. Nb1
Ke7 34. Bd1 Nb4 35. Bg4 Nbc2 36. Bd1 b4 37. Bxc2 Nxc2 38. Ke2 Kd6 39. Kd1 Nd4
40. Nd2 Ke5 41. g3 g5 42. h3 h5 43. Kc1 g4 44. hxg4 hxg4 45. Kd1 c3 46. bxc3
bxc3 47. Nf1 Ke4 48. Ne3 Kd3 49. Kc1 Nb3+ 50. Kd1 d4 51. Nc2 Nd2 52. Kc1 Ne4
53. Nb4+ Kc4 54. Nc6 Nxf2 0-1

[Event "Egypt Open 2016"]
[Site "Eastern Company Club"]
[Date "2016.04.22"]
[Round "1"]
[Board "38"]
[White "Hafez, Mohamed"]
[Black "Ismail, Youssef"]
[Result "0-1"]
[WhiteElo "1782"]
[BlackElo "2164"]
[PlyCount "58"]
[EventDate "2016.04.22"]
[EventRounds "9"]
[EventCountry "EGY"]

1. d4 d5 2. e4 dxe4 3. Nc3 f5 4. g4 fxg4 5. Nxe4 Nc6 6. d5 Ne5 7. Qd4 Nf7 8.
Be3 Nf6 9. O-O-O a6 10. Nc5 g6 11. Ne6 Bxe6 12. dxe6 Nd6 13. h3 Qc8 14. Bc4 c5
15. Qc3 b5 16. Rxd6 Qb7 17. f3 bxc4 18. Rd7 Qc6 19. Qe5 gxf3 20. Rh2 Bg7 21.
Rhd2 O-O 22. Rxe7 Rae8 23. Rdd7 Rxe7 24. Rxe7 Qd5 25. Qc7 Nh5 26. Qd7 Qe5 27.
Bf2 Qxb2+ 28. Kd2 Qc3+ 29. Kd1 Bh6 0-1

[Event "Egypt Open 2016"]
[Site "Eastern Company Club"]
[Date "2016.04.22"]
[Round "1"]
[Board "41"]
[White "Lowis, Magdy"]
[Black "Reda, Mohamed Hassan"]
[Result "1-0"]
[WhiteElo "2154"]
[BlackElo "1776"]
[PlyCount "41"]
[EventDate "2016.04.22"]
[EventRounds "9"]
[EventCountry "EGY"]

1. e4 d6 2. d4 Nf6 3. Nc3 g6 4. Be2 Bg7 5. Be3 Nbd7 6. f4 O-O 7. e5 Ne8 8. Nf3
c6 9. Qd2 e6 10. Ne4 Nb6 11. h4 Nd5 12. Bf2 h5 13. c4 Ne7 14. Qc3 d5 15. Neg5
f6 16. exf6 Nxf6 17. Ne5 dxc4 18. Qxc4 Qd5 19. Qb4 Qxg2 20. Bf3 Ned5 21. Qa3
 1-0

[Event "Egypt Open 2016"]
[Site "Eastern Company Club"]
[Date "2016.04.22"]
[Round "1"]
[Board "43"]
[White "Abou El Zein, Eid Mahmoud"]
[Black "Ahmed Hamza, Moustafa"]
[Result "1-0"]
[WhiteElo "2150"]
[BlackElo "1770"]
[PlyCount "80"]
[EventDate "2016.04.22"]
[EventRounds "9"]
[EventCountry "EGY"]

1. c4 c5 2. Nc3 Nc6 3. g3 d6 4. Bg2 g6 5. e3 Bg7 6. Nge2 Nf6 7. d3 a6 8. a3 Bd7
9. Rb1 Rb8 10. b4 cxb4 11. axb4 b5 12. cxb5 axb5 13. O-O O-O 14. h3 Qb6 15. Kh2
e6 16. e4 Rfc8 17. Be3 Qd8 18. Qd2 Ne5 19. f4 Nc6 20. d4 Ne7 21. g4 Rc4 22. g5
Ne8 23. Ng3 Qc7 24. Rfc1 Rc8 25. Nge2 f5 26. gxf6 Nxf6 27. Ra1 d5 28. e5 Ne8
29. Ra3 Bh6 30. Rca1 Bc6 31. Ra7 Qd8 32. Bf3 Ng7 33. Bg4 Ngf5 34. Bf2 Rxb4 35.
Ne4 Ra4 36. Nf6+ Kf7 37. R1xa4 bxa4 38. Bxf5 gxf5 39. Bh4 Qb6 40. Rxe7+ Kxe7
 1-0

[Event "Egypt Open 2016"]
[Site "Eastern Company Club"]
[Date "2016.04.22"]
[Round "1"]
[Board "46"]
[White "Antar, Mohamed"]
[Black "Ibrahim, Mohamed"]
[Result "0-1"]
[WhiteElo "1758"]
[BlackElo "2137"]
[PlyCount "47"]
[EventDate "2016.04.22"]
[EventRounds "9"]
[EventCountry "EGY"]

1. e4 c6 2. d4 d5 3. e5 Bf5 4. Bd3 Bxd3 5. Qxd3 e6 6. Nf3 Nd7 7. c3 Ne7 8. b4
b6 9. Be3 Nf5 10. g4 Nxe3 11. Qxe3 a5 12. bxa5 Rxa5 13. O-O Qa8 14. Qe2 b5 15.
Qc2 Be7 16. Nbd2 O-O 17. Nb3 Ra3 18. Rfe1 Qa4 19. Re2 Ra8 20. Nc1 Nb6 21. Nd3
Qc4 22. Re3 Rxc3 23. Qb1 Raa3 24. Nb2 0-1

[Event "Egypt Open 2016"]
[Site "Eastern Company Club"]
[Date "2016.04.22"]
[Round "1"]
[Board "49"]
[White "Sultan, Mohamed"]
[Black "Said Taha, Hossam"]
[Result "1-0"]
[WhiteElo "2126"]
[BlackElo "1747"]
[PlyCount "70"]
[EventDate "2016.04.22"]
[EventRounds "9"]
[EventCountry "EGY"]

1. e4 c6 2. d3 d5 3. Nd2 Nf6 4. Ngf3 Bg4 5. h3 Bh5 6. g4 Bg6 7. Ne5 dxe4 8.
Nxg6 hxg6 9. dxe4 Nbd7 10. Bg2 e6 11. Qe2 Qc7 12. Nc4 b5 13. Nd2 Bd6 14. a4 Qa5
15. O-O g5 16. Nb3 Qc7 17. axb5 Bh2+ 18. Kh1 Ne5 19. b6 Qxb6 20. Kxh2 Nexg4+
21. Kg1 Qc7 22. f4 Qb6+ 23. Kh1 Rh4 24. Ra6 Nh5 25. Qxg4 Rxg4 26. Rxb6 Ng3+ 27.
Kh2 Nxf1+ 28. Bxf1 axb6 29. hxg4 Rd8 30. fxg5 Rd1 31. Kg2 Ke7 32. Be3 c5 33.
Be2 Re1 34. Nc1 c4 35. Bd2 c3 1-0

[Event "Egypt Open 2016"]
[Site "Eastern Company Club"]
[Date "2016.04.22"]
[Round "1"]
[Board "50"]
[White "Mossad, Ameer Ali"]
[Black "M.Amer, Hossam"]
[Result "0-1"]
[WhiteElo "1746"]
[BlackElo "2125"]
[PlyCount "75"]
[EventDate "2016.04.22"]
[EventRounds "9"]
[EventCountry "EGY"]

1. d4 Nf6 2. c4 e5 3. dxe5 Ng4 4. Bf4 g5 5. Bg3 Bg7 6. Nf3 Nc6 7. Nc3 Ngxe5 8.
Nxe5 Nxe5 9. e3 d6 10. Be2 Be6 11. Qa4+ c6 12. Rc1 a6 13. Bxe5 Bxe5 14. Qd1 b5
15. cxb5 axb5 16. a3 Qb6 17. Qc2 b4 18. axb4 Qxb4 19. Bf3 Rc8 20. h3 O-O 21.
O-O f5 22. e4 g4 23. hxg4 fxg4 24. Be2 Qb6 25. Na4 Qb8 26. Nc3 Qa7 27. Qa4 Qf7
28. Qd1 g3 29. fxg3 Qg7 30. Rxf8+ Rxf8 31. Bf3 Qxg3 32. Ne2 Qh2+ 33. Kf1 c5 34.
Nc3 Bd4 35. Ke2 Rxf3 36. Kxf3 Qh5+ 37. Kg3 Qg4+ 38. Kh2 0-1

[Event "Egypt Open 2016"]
[Site "Eastern Company Club"]
[Date "2016.04.22"]
[Round "1"]
[Board "52"]
[White "Sakr, Omar"]
[Black "Raslan, Moustafa"]
[Result "1/2-1/2"]
[WhiteElo "1745"]
[BlackElo "2112"]
[PlyCount "112"]
[EventDate "2016.04.22"]
[EventRounds "9"]
[EventCountry "EGY"]

1. e4 e6 2. d4 d5 3. Nd2 Nf6 4. e5 Nfd7 5. Ngf3 c5 6. c3 Nc6 7. Bd3 Qb6 8. O-O
cxd4 9. cxd4 Be7 10. Nb3 a5 11. Re1 a4 12. Nbd2 O-O 13. Nf1 f5 14. exf6 Nxf6
15. a3 Bd7 16. Rb1 Bd6 17. Bg5 Kh8 18. Bc2 Qc7 19. Bxa4 Ne4 20. Bc2 Nxf2 21.
Kxf2 Nxd4 22. Rc1 Nxf3 23. gxf3 Qb6+ 24. Be3 Qxb2 25. Qd3 Rf5 26. Qd4 Qxd4 27.
Bxd4 Rf7 28. a4 Re8 29. Be5 Bb4 30. Red1 Rc8 31. Bb3 Rcf8 32. f4 Bc6 33. Ne3
Ba5 34. h4 Bb6 35. Ke2 Bd8 36. Bd6 Be7 37. Bxe7 Rxe7 38. Rf1 h5 39. Rcd1 g6 40.
Rd4 Be8 41. Nd1 e5 42. Rxd5 exf4+ 43. Kf2 Bc6 44. Rd6 Ree8 45. Bc4 Re4 46. Bb5
Kh7 47. Bxc6 bxc6 48. Rxc6 Rxa4 49. Nc3 Rd4 50. Rd1 Rxd1 51. Nxd1 Rd8 52. Nc3
Kg7 53. Ne4 Rd7 54. Nd6 Kf6 55. Ne8+ Kf7 56. Nc7 Rd3 1/2-1/2

[Event "Egypt Open 2016"]
[Site "Eastern Company Club"]
[Date "2016.04.22"]
[Round "1"]
[Board "53"]
[White "Metwally, Sabry"]
[Black "Aly, Elhares"]
[Result "0-1"]
[WhiteElo "1741"]
[BlackElo "2104"]
[PlyCount "65"]
[EventDate "2016.04.22"]
[EventRounds "9"]
[EventCountry "EGY"]

1. e4 c5 2. c3 Nf6 3. e5 Nd5 4. Nf3 Nc6 5. d4 cxd4 6. cxd4 e6 7. a3 d6 8. Bd3
Qc7 9. exd6 Bxd6 10. O-O O-O 11. Nc3 Nxc3 12. bxc3 e5 13. d5 Ne7 14. Ng5 h6 15.
Bh7+ Kh8 16. Qh5 Nxd5 17. Ne4 Kxh7 18. c4 Nf4 19. Bxf4 exf4 20. Rad1 Be7 21.
Rfe1 Be6 22. c5 Rad8 23. Rc1 Rd3 24. h4 Rd5 25. Qf3 Bxh4 26. Re2 Rfd8 27. Qc3
Kg8 28. f3 Rd3 29. Qc2 Rxa3 30. Rb1 Ra2 31. Rb2 Rxb2 32. Qxb2 Bc4 33. Kh1 0-1

[Event "Egypt Open 2016"]
[Site "Eastern Company Club"]
[Date "2016.04.22"]
[Round "1"]
[Board "54"]
[White "Abdou, Mohamed Hamdy"]
[Black "Anwar, Ramadan"]
[Result "1-0"]
[WhiteElo "2102"]
[BlackElo "1740"]
[PlyCount "67"]
[EventDate "2016.04.22"]
[EventRounds "9"]
[EventCountry "EGY"]

1. c4 e6 2. Nf3 Nf6 3. g3 d5 4. Bg2 Bd6 5. O-O O-O 6. d4 c5 7. e3 Nc6 8. b3 h6
9. Bb2 cxd4 10. exd4 Ne4 11. Nbd2 f5 12. a3 Ne7 13. b4 Qe8 14. Ne5 Ng6 15. Bf3
Nf6 16. Re1 Bxe5 17. dxe5 Ne4 18. Bh5 Kh7 19. cxd5 exd5 20. Nf3 Be6 21. Nh4 Bf7
22. e6 Qxe6 23. Qd4 Qf6 24. Nxf5 Qxd4 25. Bxd4 Nf6 26. Bf3 b6 27. Rac1 Rac8 28.
Nd6 Rxc1 29. Rxc1 Bg8 30. Rc7 Nh8 31. Rxa7 Nf7 32. Bxf6 gxf6 33. Bxd5 h5 34.
Nxf7 1-0

[Event "Egypt Open 2016"]
[Site "Eastern Company Club"]
[Date "2016.04.22"]
[Round "1"]
[Board "56"]
[White "Ibrahim, Hosam"]
[Black "Shiba S.Eldin, Ahmed"]
[Result "1-0"]
[WhiteElo "2097"]
[BlackElo "1727"]
[PlyCount "54"]
[EventDate "2016.04.22"]
[EventRounds "9"]
[EventCountry "EGY"]

1. e4 e5 2. Nf3 Nc6 3. d4 exd4 4. Nxd4 Nxd4 5. Qxd4 d6 6. Nc3 a6 7. Bf4 Be6 8.
O-O-O h6 9. Bc4 Ne7 10. Nd5 b5 11. Be2 c5 12. Qe3 Bxd5 13. exd5 Qd7 14. Rhe1
O-O-O 15. g4 g5 16. Bg3 f5 17. gxf5 Nxf5 18. Qa3 Qb7 19. Bg4 Qd7 20. Qxa6+ Kb8
21. Qb6+ Kc8 22. Bxf5 Qxf5 23. Qc6+ Kb8 24. Qxb5+ Kc8 25. Qc6+ Kb8 26. Re3 Rh7
27. Rb3+ Ka7 1-0

[Event "Egypt Open 2016"]
[Site "Eastern Company Club"]
[Date "2016.04.23"]
[Round "2"]
[Board "1"]
[White "Aly, Khaled Mohamed"]
[Black "Adly, Ahmed"]
[Result "0-1"]
[WhiteElo "2038"]
[BlackElo "2601"]
[PlyCount "82"]
[EventDate "2016.04.22"]
[EventRounds "9"]
[EventCountry "EGY"]

1. e4 c5 2. Nf3 Nf6 3. Qe2 Nc6 4. c3 g6 5. g3 Bg7 6. Bg2 O-O 7. O-O d5 8. e5
Ng4 9. d4 cxd4 10. cxd4 Nh6 11. h3 Nf5 12. Rd1 f6 13. Nc3 fxe5 14. dxe5 e6 15.
h4 Bd7 16. Bf4 Nxh4 17. Nxh4 Rxf4 18. gxf4 Qxh4 19. f5 gxf5 20. Rd3 Nxe5 21.
Rh3 Qg4 22. f3 Qd4+ 23. Kh1 Nd3 24. Rf1 Nf4 25. Qc2 Nxh3 26. Bxh3 Kh8 27. Rg1
Qh4 28. Qg2 Bd4 29. Rd1 Rg8 30. Qh2 Bc6 31. Ne2 Bf6 32. Rg1 d4 33. Rxg8+ Kxg8
34. Ng1 d3 35. Qb8+ Kf7 36. Qc7+ Be7 37. Qh2 Qe1 38. Bg2 d2 39. Qxh7+ Ke8 40.
Qh8+ Kd7 41. Qd4+ Kc7 0-1

[Event "Egypt Open 2016"]
[Site "Eastern Company Club"]
[Date "2016.04.23"]
[Round "2"]
[Board "2"]
[White "Fawzy, Adham"]
[Black "Hussein, Hany"]
[Result "0-1"]
[WhiteElo "2475"]
[BlackElo "2037"]
[PlyCount "134"]
[EventDate "2016.04.22"]
[EventRounds "9"]
[EventCountry "EGY"]

1. e4 Nc6 2. Nf3 d6 3. d4 Nf6 4. Bd3 Bg4 5. Be3 e5 6. d5 Ne7 7. Nbd2 Ng6 8. h3
Bd7 9. Be2 Be7 10. c4 a6 11. Qc2 c5 12. dxc6 Bxc6 13. g4 h6 14. Bd3 Rc8 15. Qb3
Nd7 16. Rd1 Qa5 17. Kf1 Ba4 18. Qa3 d5 19. c5 Nxc5 20. Rc1 O-O 21. Rxc5 Rxc5
22. Bxc5 Bxc5 23. Nb3 Bxa3 24. Nxa5 Bxb2 25. exd5 Nf4 26. Be4 Rc8 27. Kg1 Ne2+
28. Kh2 Nc3 29. Re1 Nxe4 30. Rxe4 Bc2 31. Rc4 Rxc4 32. Nxc4 Bc3 33. Ncxe5 Be4
34. d6 f6 35. Nc4 Bc6 36. Nh4 b5 37. Nf5 Kf7 38. Nb6 Be5+ 39. Kg1 g6 40. Ne7
Bb7 41. Nec8 Bxc8 42. Nxc8 Ke6 43. Ne7 Bxd6 44. Nxg6 a5 45. Kf1 Kd5 46. Ke2 b4
47. Kd3 a4 48. f3 Be5 49. f4 b3 50. axb3 a3 51. fxe5 a2 52. exf6 a1=Q 53. Nf4+
Kd6 54. Nh5 Qf1+ 55. Ke4 Ke6 56. h4 Qh1+ 57. Kf4 Qxh4 58. b4 Qg5+ 59. Kf3 Qb5
60. Kg3 Qxb4 61. Nf4+ Kf7 62. Nh5 Qe4 63. Kh3 Qf3+ 64. Kh4 Kg6 65. f7 Kxf7 66.
Ng3 Kg6 67. Nf5 h5 0-1

[Event "Egypt Open 2016"]
[Site "Eastern Company Club"]
[Date "2016.04.23"]
[Round "2"]
[Board "3"]
[White "Khalil, Hany"]
[Black "Ezat, Mohamed"]
[Result "0-1"]
[WhiteElo "2036"]
[BlackElo "2467"]
[PlyCount "110"]
[EventDate "2016.04.22"]
[EventRounds "9"]
[EventCountry "EGY"]

1. c4 Nf6 2. d4 c5 3. e3 cxd4 4. exd4 d5 5. Nc3 g6 6. h3 Bg7 7. Nf3 O-O 8. Be2
Nc6 9. O-O Bf5 10. Bf4 dxc4 11. Bxc4 Rc8 12. Bb3 Ne4 13. Re1 Nxc3 14. bxc3 Na5
15. Rc1 a6 16. Bg5 Rc7 17. Bf4 Rc8 18. Bg5 Rc7 19. Bf4 Rd7 20. Ne5 Rd6 21. Nxf7
Rxf7 22. Bxf7+ Kxf7 23. Bxd6 Qxd6 24. Qa4 b6 25. Qb4 Bh6 26. Qb2 Nc4 27. Qe2
Bxc1 28. Rxc1 Qe6 29. Kf1 Qxe2+ 30. Kxe2 b5 31. g4 Be6 32. Rc2 Na3 33. Rb2 Bc4+
34. Kf3 Ke6 35. Kf4 h6 36. h4 Kd5 37. Ke3 Bf1 38. Rb3 Nc4+ 39. Kf4 Bd3 40. Rb4
Bc2 41. f3 Kc6 42. a4 Bxa4 43. Rb1 Kd6 44. Rc1 a5 45. h5 gxh5 46. Rh1 b4 47.
cxb4 axb4 48. Rxh5 b3 49. Rxh6+ Kd5 50. Rh5+ Kxd4 51. Rh1 b2 52. Kg5 Bc6 53.
Rd1+ Kc3 54. f4 Kc2 55. Rf1 Nd2 0-1

[Event "Egypt Open 2016"]
[Site "Eastern Company Club"]
[Date "2016.04.23"]
[Round "2"]
[Board "4"]
[White "Petrov, Marian"]
[Black "Eldengawy, Ahmed"]
[Result "1/2-1/2"]
[WhiteElo "2447"]
[BlackElo "2033"]
[PlyCount "81"]
[EventDate "2016.04.22"]
[EventRounds "9"]
[EventCountry "EGY"]

1. e4 c6 2. d4 d5 3. e5 Bf5 4. c4 e6 5. Nc3 dxc4 6. Bxc4 Ne7 7. Nge2 Nd7 8. O-O
Nb6 9. Bb3 Ned5 10. Ng3 Bg6 11. f4 Qd7 12. Nce4 h5 13. Qf3 h4 14. f5 hxg3 15.
fxg6 O-O-O 16. Qxg3 f5 17. Ng5 Rh5 18. Bd1 Rxg5 19. Bxg5 Be7 20. Bb3 Bxg5 21.
Qxg5 Rh8 22. Rf3 Ne7 23. Rd1 Rh6 24. Rg3 Rxg6 25. Qh5 Rxg3 26. hxg3 g6 27. Qh8+
Kc7 28. Qf6 Nbd5 29. Bxd5 Nxd5 30. Qxg6 Ne3 31. Rd3 Ng4 32. Qg5 Qh7 33. Qh4 Qd7
34. Qh8 Qe7 35. a3 Kb6 36. Kf1 Qg5 37. Ke2 Qc1 38. Qf8 Qc2+ 39. Rd2 Qe4+ 40.
Kd1 Qb1+ 41. Ke2 1/2-1/2

[Event "Egypt Open 2016"]
[Site "Eastern Company Club"]
[Date "2016.04.23"]
[Round "2"]
[Board "5"]
[White "Allam, Emad Hamdy"]
[Black "Ameir, Moheb"]
[Result "0-1"]
[WhiteElo "2030"]
[BlackElo "2430"]
[PlyCount "154"]
[EventDate "2016.04.22"]
[EventRounds "9"]
[EventCountry "EGY"]

1. c4 g6 2. g3 c5 3. Bg2 Bg7 4. Nc3 Nc6 5. d3 e6 6. e4 Nge7 7. Nge2 a6 8. Be3
Nd4 9. Rb1 Nec6 10. a3 O-O 11. b4 cxb4 12. axb4 Nxe2 13. Nxe2 d5 14. exd5 exd5
15. cxd5 Ne7 16. Qb3 Nf5 17. O-O Re8 18. Be4 Nxe3 19. fxe3 Qb6 20. Nf4 Qxe3+
21. Kh1 Bg4 22. d6 Rad8 23. Ng2 Qb6 24. Qxf7+ Kh8 25. Qxb7 Qxb7 26. Bxb7 Rxd6
27. Be4 Rb8 28. Ne3 Be6 29. Nc4 Rd4 30. Rfc1 Rf8 31. b5 axb5 32. Rxb5 Bh6 33.
Rc2 Bg4 34. Rb1 Rxe4 35. dxe4 Bf3+ 36. Kg1 Bxe4 37. Rcb2 Bg7 38. Rd1 Bxb2 39.
Nxb2 Rc8 40. Nd3 Rc3 41. Nf2 Bf3 42. Re1 Rc2 43. Ra1 Kg7 44. Re1 Kf6 45. Ra1
Rb2 46. Re1 Ra2 47. Rc1 g5 48. Rf1 Kg6 49. Rc1 h5 50. Re1 h4 51. Rc1 Kh5 52.
Re1 Ra3 53. Rc1 Ba8 54. gxh4 gxh4 55. Rc5+ Kg6 56. Kf1 Bf3 57. Rc1 Kf5 58. Rc5+
Kf4 59. Rc4+ Ke3 60. Rc1 Kd2 61. Rb1 Ra5 62. Nh3 Be4 63. Rb4 Ke3 64. Rb3+ Bd3+
65. Kg2 Rf5 66. Ra3 Rf8 67. Rxd3+ Kxd3 68. Nf2+ Ke3 69. Ng4+ Kf4 70. h3 Ra8 71.
Nf2 Ra2 72. Kg1 Kg3 73. Ne4+ Kxh3 74. Kf1 Ra4 75. Nc3 Ra3 76. Nb5 Ra1+ 77. Kf2
Kg4 0-1

[Event "Egypt Open 2016"]
[Site "Eastern Company Club"]
[Date "2016.04.23"]
[Round "2"]
[Board "6"]
[White "Labib, Ibrahim Hasan"]
[Black "Kamal Abdel Fadil, Wael"]
[Result "1-0"]
[WhiteElo "2424"]
[BlackElo "2031"]
[PlyCount "85"]
[EventDate "2016.04.22"]
[EventRounds "9"]
[EventCountry "EGY"]

1. Nf3 e6 2. c4 Nf6 3. Nc3 b6 4. e4 Bb7 5. Bd3 d6 6. Bc2 Be7 7. d4 Nbd7 8. O-O
O-O 9. Re1 e5 10. d5 a6 11. Rb1 Bc8 12. b4 a5 13. a3 h6 14. Ba4 Nb8 15. c5 axb4
16. axb4 bxc5 17. bxc5 Bd7 18. Qc2 Bxa4 19. Nxa4 Nbd7 20. c6 Nb8 21. Bd2 Nh7
22. Rb7 Qc8 23. Nb6 cxb6 24. Rxe7 Na6 25. Rb7 Rb8 26. Ra7 Nc5 27. Nh4 g6 28.
Bxh6 Re8 29. h3 Ra8 30. Rxa8 Qxa8 31. Re3 Nf6 32. Bg5 Nh5 33. Qe2 Qc8 34. Nf5
Qc7 35. Qg4 b5 36. Rf3 Kh7 37. Qh4 b4 38. Ng3 Nxe4 39. Nxh5 gxh5 40. Qxe4+ Kg8
41. Bf6 Qa5 42. Rg3+ Kf8 43. Qh7 1-0

[Event "Egypt Open 2016"]
[Site "Eastern Company Club"]
[Date "2016.04.23"]
[Round "2"]
[Board "7"]
[White "Abdel Razik, Khaled"]
[Black "Ghoneim, Ahmed Mohamed"]
[Result "1-0"]
[WhiteElo "2392"]
[BlackElo "2026"]
[PlyCount "57"]
[EventDate "2016.04.22"]
[EventRounds "9"]
[EventCountry "EGY"]

1. d4 Nf6 2. c4 g6 3. Nc3 Bg7 4. e4 d6 5. Nf3 O-O 6. Be2 Na6 7. h3 e5 8. d5 Nc5
9. Nd2 a5 10. g4 c6 11. g5 Ne8 12. Nb3 cxd5 13. Nxc5 dxc5 14. Qxd5 Qb6 15. Qd3
Be6 16. Be3 Rd8 17. Qc2 Qc7 18. h4 Nd6 19. b3 b6 20. h5 Nc8 21. Nd5 Bxd5 22.
cxd5 Qe7 23. hxg6 fxg6 24. Bg4 Rd6 25. f3 Rfd8 26. Qh2 Bf8 27. Qh3 Na7 28. a4
Qg7 29. Ra2 1-0

[Event "Egypt Open 2016"]
[Site "Eastern Company Club"]
[Date "2016.04.23"]
[Round "2"]
[Board "8"]
[White "Hesham, Abdelrahman"]
[Black "Refaat, Ibrahim"]
[Result "1-0"]
[WhiteElo "2390"]
[BlackElo "2017"]
[PlyCount "67"]
[EventDate "2016.04.22"]
[EventRounds "9"]
[EventCountry "EGY"]

1. c4 Nf6 2. Nc3 g6 3. e4 d6 4. d4 Bg7 5. f3 O-O 6. Be3 a6 7. Qd2 c6 8. Bh6 e5
9. Bxg7 Kxg7 10. O-O-O Qe7 11. g4 b5 12. h4 h5 13. g5 Ne8 14. Nh3 Nd7 15. d5 c5
16. cxb5 Nc7 17. Kb1 Nb6 18. f4 exf4 19. Qxf4 Nd7 20. Nf2 Re8 21. Be2 Rb8 22.
a4 Ne5 23. Rhf1 axb5 24. Nxb5 Nxb5 25. Bxb5 Bd7 26. Nd3 Bxb5 27. axb5 Nxd3 28.
Rxd3 Rxb5 29. e5 dxe5 30. Qf6+ Qxf6 31. gxf6+ Kh6 32. Ra3 Rb7 33. Ra5 Rc7 34.
Kc2 1-0

[Event "Egypt Open 2016"]
[Site "Eastern Company Club"]
[Date "2016.04.23"]
[Round "2"]
[Board "9"]
[White "L'ami, Alina"]
[Black "Elkady, Moustafa"]
[Result "1-0"]
[WhiteElo "2348"]
[BlackElo "2009"]
[PlyCount "76"]
[EventDate "2016.04.22"]
[EventRounds "9"]
[EventCountry "EGY"]

1. d4 d5 2. c4 c6 3. Nf3 Nf6 4. Nc3 a6 5. Bg5 dxc4 6. a4 h6 7. Bh4 g5 8. Bg3
Qa5 9. Nd2 Nd5 10. Nxc4 Nxc3 11. Qb3 Qd5 12. Qxc3 Nd7 13. e3 Bg7 14. Be2 Qxg2
15. O-O-O b5 16. Nd2 Bb7 17. Bf3 Qh3 18. Kb1 O-O 19. Rhg1 Rac8 20. Bg2 Qh5 21.
h4 g4 22. Qd3 Rfd8 23. a5 Ba8 24. f3 c5 25. fxg4 Qg6 26. Qxg6 fxg6 27. Bxa8
Rxa8 28. Ne4 c4 29. d5 Be5 30. Bxe5 Nxe5 31. Nc5 Rd6 32. e4 Rf8 33. Ne6 Rf2 34.
Rdf1 Rxf1+ 35. Rxf1 Nf7 36. Kc2 Rd7 37. Kc3 Rb7 38. Rxf7 Kxf7 1-0

[Event "Egypt Open 2016"]
[Site "Eastern Company Club"]
[Date "2016.04.23"]
[Round "2"]
[Board "10"]
[White "Abdel Sattar, Magdy"]
[Black "Wageih, Kareim"]
[Result "0-1"]
[WhiteElo "2017"]
[BlackElo "2336"]
[PlyCount "96"]
[EventDate "2016.04.22"]
[EventRounds "9"]
[EventCountry "EGY"]

1. e4 c6 2. d4 d5 3. Nc3 g6 4. h3 Bg7 5. Nf3 dxe4 6. Nxe4 Nd7 7. Bc4 Ngf6 8.
Qe2 O-O 9. O-O Nb6 10. Bb3 Nbd5 11. Re1 Qc7 12. Ng3 Re8 13. Ne5 Be6 14. Bd2 Nd7
15. c4 N5b6 16. Bf4 Nxe5 17. Bxe5 Bxe5 18. dxe5 a5 19. a3 Red8 20. Rac1 Rd4 21.
Qe3 c5 22. Rc3 a4 23. Ba2 Nxc4 24. Qh6 Kh8 25. f4 Nxb2 26. Bxe6 fxe6 27. Ne4
Qd8 28. Ng5 Qg8 29. Rxc5 Re8 30. Rb1 Rd1+ 31. Rxd1 Nxd1 32. Rc7 b5 33. Rb7 Nc3
34. g3 Ne2+ 35. Kf2 Nd4 36. g4 Qg7 37. Qxg7+ Kxg7 38. Rd7 Nc2 39. Nxe6+ Kf7 40.
Ng5+ Kg8 41. Ne4 Nxa3 42. f5 Nc4 43. f6 Nxe5 44. Rd5 a3 45. Rxb5 Ra8 46. Nc3 a2
47. Nxa2 Rxa2+ 48. Kg3 exf6 0-1

[Event "Egypt Open 2016"]
[Site "Eastern Company Club"]
[Date "2016.04.23"]
[Round "2"]
[Board "11"]
[White "Sarwat, Walaa"]
[Black "Morsy, Elsayed"]
[Result "1-0"]
[WhiteElo "2326"]
[BlackElo "2002"]
[PlyCount "67"]
[EventDate "2016.04.22"]
[EventRounds "9"]
[EventCountry "EGY"]

1. e4 c6 2. d4 d5 3. exd5 cxd5 4. Bd3 Nc6 5. c3 Nf6 6. Bf4 g6 7. Nf3 Bg7 8. O-O
O-O 9. Re1 Re8 10. h3 Nh5 11. Bh2 Bh6 12. Ne5 Nxe5 13. Rxe5 Nf6 14. Nd2 Bg7 15.
Qb3 e6 16. Re2 b6 17. Nf3 a6 18. Ne5 Bb7 19. Rae1 Bf8 20. Re3 Ne4 21. f3 Nd6
22. Ng4 Bg7 23. Be5 Rc8 24. Bxg7 Kxg7 25. Ne5 b5 26. a4 Bc6 27. axb5 Bxb5 28.
R3e2 Qc7 29. Qd1 Rb8 30. Qc1 Qb7 31. Ng4 Bxd3 32. Qh6+ Kh8 33. Nf6 g5 34. Re4
 1-0